Разработка и внедрение в промышленность аппаратуры и методов неразрушающего контроля: Отчет о НИР; Тема: Разработка и изготовление бетатрона Б-35/8 для контроля сварных изделий; Этап: Определение экономической эффективности применения бетатрона Б-35/8 для контроля сварных соединений на Подольском машиностроительном заводе

Библиографические подробности
Автор-организация: Томский политехнический институт (ТПИ) Научно-исследовательский институт электронной интроскопии (595)
Другие авторы: Куницын Г. А. (руководитель), Бердоносов В. А.Г. А. (исполнитель), Прокофьев Ю. С.
Язык:русский
Опубликовано: Томск, 1971
Предметы:
Формат: Книга
Запись в KOHA:https://koha.lib.tpu.ru/cgi-bin/koha/opac-detail.pl?biblionumber=174822

MARC

LEADER 00000nbm0a2200000 4500
001 174822
005 20231031164923.0
035 |a (RuTPU)RU\TPU\book\189570 
090 |a 174822 
100 |a 20100204d1971 k y0rusy50 ca 
101 0 |a rus 
102 |a RU 
105 |a a p 001zy 
200 1 |a Разработка и внедрение в промышленность аппаратуры и методов неразрушающего контроля  |e Отчет о НИР  |e Тема: Разработка и изготовление бетатрона Б-35/8 для контроля сварных изделий  |e Этап: Определение экономической эффективности применения бетатрона Б-35/8 для контроля сварных соединений на Подольском машиностроительном заводе  |f Томский политехнический институт (ТПИ), Научно-исследовательский институт электронной интроскопии ; руководитель Г. А. Куницын ; В. А.Г. А. Бердоносов, Ю. С. Прокофьев 
210 |a Томск  |d 1971 
320 |a Библиогр.: с. 22. 
610 1 |a отчеты о НИР 
610 1 |a неразрушающий контроль 
610 1 |a неразрушающие методы 
610 1 |a разработка 
610 1 |a внедрение 
610 1 |a промышленность 
610 1 |a аппаратура 
610 1 |a бетатроны 
610 1 |a сварные изделия 
610 1 |a контроль 
610 1 |a экономическая эффективность 
610 1 |a Подольский машиностроительный завод 
675 |a 621.791.05(04)  |v 3 
702 1 |a Куницын  |b Г. А.  |4 673 
702 1 |a Бердоносов  |b В. А.Г. А.  |4 677 
702 1 |a Прокофьев  |b Ю. С.  |4 677 
712 0 2 |a Томский политехнический институт (ТПИ)  |b Научно-исследовательский институт электронной интроскопии  |2 stltpush  |3 (RuTPU)RU\TPU\col\12415  |4 595 
801 1 |a RU  |b 63413507  |c 20100204 
801 2 |a RU  |b 63413507  |c 20100204  |g RCR 
942 |c BK